Statistiche per Vicepresidenti degli Stati Uniti

Clicka qui per fare il quiz!

Statistiche generali

  • Questo quiz è stato fatto 13 volte
  • Il punteggio medio è 7 su 48

Statistiche sulle risposte

Anni del mandatoVicepresidente% Corretto
2009-2017Joe Biden
78%
2017-Mike Pence
78%
1797-1801Thomas Jefferson
67%
1993-2001Al Gore
56%
1981-1989George H.W. Bush
44%
1973-1974Gerald Ford
33%
1789-1797John Adams
33%
1974-1977Nelson Rockefeller
33%
1953-1961Richard Nixon
33%
1901-1901Theodore Roosevelt
33%
1801-1805Aaron Burr
22%
1921-1923Calvin Coolidge
22%
1961-1963Lyndon B. Johnson
22%
1865-1865Andrew Johnson
11%
1989-1993Dan Quayle
11%
2001-2009Dick Cheney
11%
1805-1812George Clinton
11%
1945-1945Harry S. Truman
11%
1965-1969Hubert Humphrey
11%
1841-1841John Tyler
11%
1833-1837Martin Van Buren
11%
1969-1973Spiro Agnew
11%
1913-1921Thomas R. Marshall
11%
1977-1981Walter Mondale
11%
1893-1897Adlai Stevenson
0%
1949-1953Alben W. Barkley
0%
1929-1933Charles Curtis
0%
1925-1929Charles Dawes
0%
1905-1909Charles W. Fairbanks
0%
1881-1881Chester Arthur
0%
1817-1825Daniel T. Tompkins
0%
1813-1814Elbridge Gerry
0%
1897-1899Garret Hobart
0%
1845-1849George M. Dallas
0%
1861-1865Hannibal Hamlin
0%
1941-1945Henry A. Wallace
0%
1873-1875Henry Wilson
0%
1909-1912James S. Sherman
0%
1825-1832John Calhoun
0%
1857-1861John C. Breckinridge
0%
1933-1941John Nance Garner
0%
1889-1893Levi P. Morton
0%
1849-1850Millard Fillmore
0%
1837-1841Richard Mentor Johnson
0%
1869-1873Schuyler Colfax
0%
1885-1885Thomas Hendricks
0%
1877-1881William A. Wheeler
0%
1853-1853William R. King
0%

Distribuzione punteggi

Percentile per numero di risposta

Percentuale di utenti per punteggio

I tuoi punteggi nel tempo

Non hai fatto questo quiz